00302pam a2200109 a 4500020000500000041000500005082001000010100002400020245009800044260003600142300001400178 c h a658.3 aHATVANY (I)eauthor aPutting Pressure to Work: How to Manage Stress and Harness Positive TensionhTextual Document bPitman Publication Londonc1996 aXVIII,238